000 00511nam a2200205 a 4500
999 _c4255
_d4255
001 4255
003 BD-JhCC
005 20171125182019.0
008 171119s uk |||| ||a| 000 0 eng d
035 _a(BD-JhCC)
040 _aBD-JhCC
_dBD-JhCC
041 _aeng
082 _a823.914
_bDIC
100 _aDickens, Charles
245 _aA Tale of Two Cities /
_cCharles Dickens
260 _aLondon :
_bOxford University Press,
300 _a95 p. :
_c18 cm.
650 _aChildren's stories
942 _2ddc
_cBK